000 00311nam a22001337a 4500
008 170525b xxu||||| |||| 00| 0 eng d
020 _a9780273024439
041 _aeng
080 _a004.4
100 _a26
101 _aIM
245 _aROBOTICS AND AUTOMATED MANUFACTURING
_cHARSTEIN.J
942 _2udc
_cBK
999 _c14270
_d14270